LDR 00492naa#a2200157#i#450# 001 EN\INFRA-M\bibl\118043 005 20260418045340.6 011 ## _a1998-0701 100 ## _a20260227b2026####ek#y0engy0150####ca 102 ## _aRU 200 1# _aExperts from the GARANT Legal Consulting Service are responsible _eJournal article 210 1# _aMoscow _cINFRA-M Academic Publishing LLC. _d2026 215 ## _a5 с. 608 ## _aJournal article _2local 675 ## _aНалогообложение. 336.221 _z 856 4# _azh-szf.ru _u